| 000 | 00812cam a2200229 4500 | ||
|---|---|---|---|
| 001 | ABS64383 | ||
| 008 | 010910n2001 000 0 eng u | ||
| 035 | _a(Sirsi) u114495 | ||
| 100 | _aSumner, J | ||
| 245 | _aTreasury dithers over stamp duty | ||
| 260 | _c2001 | ||
| 490 |
_aRegeneration and Renewal _v24 August 2001, 12(1) |
||
| 520 | _aLooks at the reasons for the delay in abolishing stamp duty in deprived areas as recommended by the Urban Task Force. A key issue is the definition of a 'deprived area'. The delay has led to rumours that the government may not go ahead with this scheme. | ||
| 590 | _aABS | ||
| 650 | _aSTAMP DUTY | ||
| 650 | _aURBAN TASK FORCE | ||
| 650 | _aDEPRIVED AREAS | ||
| 650 | _aREGENERATION | ||
| 650 | _aPROPERTY SALES | ||
| 690 | _aHOUSING-FINANCE | ||
| 942 | _n0 | ||
| 999 |
_c68211 _d68211 |
||